El porvenir de una ilusión : clases medias en América Latina /

Zapisane w:
Opis bibliograficzny
1. autor: Güemes, Cecilia (Autora)
Kolejni autorzy: Paramio, Ludolfo (Autor)
Format: Książka
Język:Spanish
Etykiety: Dodaj etykietę
Nie ma etykietki, Dołącz pierwszą etykiete!

MARC

LEADER 00000nam a22000007a 4500
003 cru CIDCACS/IIS
005 20230502120049.0
008 230502s2020 ag |||p|r|||| 00| 00spa d
040 |c cru CIDCACS/IIS 
100 1 |9 11213  |a Güemes, Cecilia  |e Autora 
245 1 3 |a El porvenir de una ilusión :  |b clases medias en América Latina /  |c Cecilia Güemes, Ludolfo Paramio 
300 |a páginas 47-59 :  |b tabla, gráfico 
700 1 |9 8370  |a Paramio, Ludolfo  |e Autor 
773 0 |0 19022  |9 8735  |a Fundación Friedrich Ebert  |d Fundación Friedrich Ebert; Nueva Sociedad Buenos Aires, Argentina  |o 23512  |t Nueva Sociedad / 
942 |2 ddc  |c PP 
999 |c 44905  |d 44905